000 00665nam a2200253Ia 4500
003 OSt
005 20220918165159.0
006 a|||||r|||| 00| 0
007 ta
008 220917b |||||||| |||| 00| 0 eng d
020 _a1560253215
024 _a224,739
037 _cTextual
040 _aARTS
_cARTS
_beng
041 _2eng
_aeng
082 _aO111944w, P1
100 _aMehta Ved
_920350
245 0 _aContinents of exile
_b All for love
260 _aNew York
_bThunder's mouth press USA
_c2001
300 _a345p
_ccm.
650 _aENGLISH LITERATURE
942 _hO111944w, P1
_cTEXL
_2CC
999 _c128684
_d128684